000 00296nam a2200109Ia 4500
008 190216s9999||||xx |||||||||||||| ||und||
100 _aHartley Withers
245 0 _aIntroduction To Business Accounting For Managers
260 _bPrentice Hall Of India Pvt Ltd
_c1965
300 _a161p
942 _cBK
999 _c4651
_d4651